000
00270nam a2200097Ia 4500
001
1191817
005
20250827021642.0
008
250824s9999 xx 000 0 und d
245
0
_a
YAVUZ SULTAN SELİM VE KUTSAL EMANETLER
_c
YAVUZ BAHADIROĞLU
260
_b
PANAMA YAYINLARI
999
_c
1191817
_d
1191817